Power plants (Record no. 15530)

000 -LEADER
fixed length control field 00524nam a22002051 4500
001 - CONTROL NUMBER
control field 15530
003 - CONTROL NUMBER IDENTIFIER
control field BD-DhUET
008 - FIXED-LENGTH DATA ELEMENTS--GENERAL INFORMATION
fixed length control field 840327s1956 paua 000 0 eng
040 ## - CATALOGING SOURCE
Original cataloging agency DLC
Transcribing agency DLC
Modifying agency BD-DhUET
082 00 - DEWEY DECIMAL CLASSIFICATION NUMBER
Classification number 621.11
Item number ZER/1956
100 ## - MAIN ENTRY--PERSONAL NAME
Personal name Zerban, Alexander H.
245 10 - TITLE STATEMENT
Title Power plants
250 ## - EDITION STATEMENT
Edition statement 2nd ed.
260 ## - PUBLICATION, DISTRIBUTION, ETC. (IMPRINT)
Place of publication, distribution, etc. Scranton
Name of publisher, distributor, etc. International Textbook
Date of publication, distribution, etc. 1956
300 ## - PHYSICAL DESCRIPTION
Extent vii, 655p.
Other physical details illus.
Dimensions 24 cm.
504 ## - BIBLIOGRAPHY, ETC. NOTE
Bibliography, etc Includes bibliographies
650 #0 - SUBJECT ADDED ENTRY--TOPICAL TERM
Topical term or geographic name as entry element Heat engines
700 ## - ADDED ENTRY--PERSONAL NAME
Personal name Nye, Edwin P.
942 ## - ADDED ENTRY ELEMENTS (KOHA)
Koha item type General Book
Holdings
Location (home branch) Koha full call number Shelving location Piece designation (barcode) Copy number Koha issues (times borrowed) Not for loan Koha date last seen Koha item type Sublocation or collection (holding branch) Withdrawn status Date acquired Koha date last borrowed Koha normalized classification for sorting Damaged status Source of classification or shelving scheme Lost status Price effective from
Central Library, BUET621.19/ZER/1957Circulation section8432511 2018-09-24General BookCentral Library, BUET 2015-03-142018-09-01621_190000000000000_ZER_1957   2015-03-14
Central Library, BUET621.11/ZER/1956Circulation section190322  2015-04-23General BookCentral Library, BUET 2015-04-23 621_110000000000000_ZER_1956   2015-04-23
Central Library, BUET621.11 ZER/1956Circulation section190333  2015-05-06General BookCentral Library, BUET 2015-05-06 621_110000000000000_ZER_1956   2015-05-06
Central Library, BUET621.19/ZER/1956Reading section1024  2015-06-14Reading ItemCentral Library, BUET 2015-06-14 621_190000000000000_ZER_1956   2015-06-14